Score 0/17 Timer 02:00
1 Play Today
Clue 4-Letter Word % Correct
It keeps your pants up BELT
95.4%
'Take a _____': find a chairSEAT
94.4%
Patriotic ringer: 'Liberty ______'BELL
94.4%
Opposite of buySELL
94%
One of 18 on a golf courseHOLE
93.5%
Playful aquatic animalSEAL
93%
Material on a pool tableFELT
92.7%
• Loudly try to say someone's name ••YELL•
92.6%
A great accomplishment FEAT
91.1%
Clue 4-Letter Word % Correct
Lightning shapeBOLT
91%
Soup receptacle BOWL
89.2%
Pod on a cotton plantBOLL
84.4%
Trunk of a treeBOLE
84.4%
The base of all living things CELL
83.2%
• Loudly try to say someone's name ••HOWL•
82.4%
Gordie the hockey greatHOWE
81.5%
• Loudly try to say someone's name ••CALL•
79.7%

Today's Daily Dose

Word Ladder
Athletics

Remove Ads.
Support Sporcle.
Get the best of Sporcle when you Go Orange. This ad-free experience offers more features, more stats, and more fun while also helping to support Sporcle. Thank you for becoming a member.

You're not logged in!

Compare scores with friends on all Sporcle quizzes.
OR
Log In

Show Comments

Extras

Top Quizzes Today


Score Distribution

Your Account Isn't Verified!

In order to create a playlist on Sporcle, you need to verify the email address you used during registration. Go to your Sporcle Settings to finish the process.

Report this User

Report this user for behavior that violates our Community Guidelines.

Details: